MARC

LEADER 00000nam0a2200000 4500
001 178858
005 20231031170148.0
020 |a RU  |b 85-58769 
035 |a (RuTPU)RU\TPU\book\193876 
090 |a 178858 
100 |a 20100410d1985 m a0rusy5003 ca 
101 0 |a rus 
102 |a RU 
105 |a a z 000zy 
200 1 |a Это было на Хингане  |f А. М. Кривель 
210 |a Москва  |c Политиздат  |d 1985 
215 |a 174 с.  |c 4 л. ил.  |d 16 см 
610 1 |a Хасан, озеро 
610 1 |a Халхин-Гол 
610 1 |a советско-японская война 
610 0 |a боевые действия 
610 1 |a Советская Армия 
610 1 |a милитаризм 
675 |a 9(С)2  |z rus 
700 1 |a Кривель  |b А. М.  |4 070 
801 0 |a RU  |b RuMRKP  |c 19950704  |g psbo 
801 1 |a RU  |b 63413507  |c 20100410 
801 2 |a RU  |b 63413507  |c 20101229  |g RCR 
942 |c BK